Datum a čas kvízu
25
Celkem bodů
Celkový počet nahraných bodů na tomto kvízu bez doplňovacích otázek.
6.
Pořadí na kvízu
Konečné umístění týmu na tomto kvízu.
Zaznamenané odpovědi
| # | Otázka | Odpověď | Body | Výsledky |
|---|---|---|---|---|
| 1. | Uplynulý týden se poměrně dost... | Odstranil graffiti z Karlova mostu. | 1 | |
| 2. | V pátek skončilo 24. světové s... | jamboree | 0 | |
| 3. | Pražské Karlovo náměstí se v ú... | První pražská defenestrace | 1 | |
| 4. | V Kolumbii byla o víkendu spuš... | Coffee | 0 | |
| 5. | Na brněnském Masarykově okruhu... | na 9. místě | 0 | |
| 6. | V tomto tématu se vydáme do sv... | C | 0 | |
| 7. | Odběr krevní plazmy se nazývá: | B | 0 | |
| 8. | Pot vzniká ze dvou druhů žláz.... | kolem bradavek | 1 | |
| 9. | Mozkomíšní mok má nažloutlou b... | ne | 0 | |
| 10. | Původ Mléčné dráhy se váže k b... | Herkules | 0 |